Iglesia y colonización en Urabá y el Darién. (Registro nro. 243387)

Detalles MARC
000 -LEADER
fixed length control field 02277nam a2200505Ii 4500
001 - CONTROL NUMBER
control field DIGUNAU0142
003 - CONTROL NUMBER IDENTIFIER
control field NyNyDIG
006 - FIXED-LENGTH DATA ELEMENTS--ADDITIONAL MATERIAL CHARACTERISTICS
fixed length control field m o d
007 - PHYSICAL DESCRIPTION FIXED FIELD--GENERAL INFORMATION
fixed length control field cr |||||||||||
008 - FIXED-LENGTH DATA ELEMENTS--GENERAL INFORMATION
fixed length control field 230215s2015 ck ob 000 0 spa d
035 ## - SYSTEM CONTROL NUMBER
System control number (OCoLC)1371187155
040 ## - CATALOGING SOURCE
Original cataloging agency DGITA
Language of cataloging eng
Description conventions rda
-- pn
Transcribing agency DGITA
020 ## - INTERNATIONAL STANDARD BOOK NUMBER
Canceled/invalid ISBN 9789588869193
043 ## - GEOGRAPHIC AREA CODE
Geographic area code s-ck---
-- ncpn---
050 14 - LIBRARY OF CONGRESS CALL NUMBER
Classification number BX1471.U7 ebook
100 1# - MAIN ENTRY--PERSONAL NAME
Personal name Severino de Santa Teresa,
Titles and words associated with a name Father,
Dates associated with a name 1885-
Relator term author.
245 10 - TITLE STATEMENT
Title Iglesia y colonización en Urabá y el Darién.
Number of part/section of a work Tomo I /
Statement of responsibility, etc. P. Severino de Santa Teresa, O. C. D. ; Ramón Elejalde Arbeláez, compilador.
250 ## - EDITION STATEMENT
Edition statement Primera edición.
264 #1 - PRODUCTION, PUBLICATION, DISTRIBUTION, MANUFACTURE, AND COPYRIGHT NOTICE
Place of production, publication, distribution, manufacture Medellín :
Name of producer, publisher, distributor, manufacturer Fondo Editorial UNAULA,
Date of production, publication, distribution, manufacture, or copyright notice [2015]
300 ## - PHYSICAL DESCRIPTION
Extent 1 online resource.
336 ## - CONTENT TYPE
Content type term text
Content type code txt
Source rdacontent
337 ## - MEDIA TYPE
Media type term computer
Media type code c
Source rdamedia
338 ## - CARRIER TYPE
Carrier type term online resource
Carrier type code cr
Source rdacarrier
347 ## - DIGITAL FILE CHARACTERISTICS
File type text file
Source rdaft
347 ## - DIGITAL FILE CHARACTERISTICS
Encoding format PDF
490 1# - SERIES STATEMENT
Series statement Colección Bicentenario de Antioquia ;
Volume/sequential designation 200
504 ## - BIBLIOGRAPHY, ETC. NOTE
Bibliography, etc. note Includes bibliographical references.
588 0# - SOURCE OF DESCRIPTION NOTE
Source of description note Online resource; title from PDF title page (Digitalia, viewed February 15, 2023)
651 #0 - SUBJECT ADDED ENTRY--GEOGRAPHIC NAME
Geographic name Urabá, Gulf of, Region (Colombia)
General subdivision Church history.
651 #0 - SUBJECT ADDED ENTRY--GEOGRAPHIC NAME
Geographic name Urabá, Gulf of, Region (Colombia)
General subdivision Colonization.
650 #0 - SUBJECT ADDED ENTRY--TOPICAL TERM
Topical term or geographic name entry element Indians of South America
General subdivision Missions
Geographic subdivision Urabá, Gulf of, Region (Colombia)
General subdivision History.
610 20 - SUBJECT ADDED ENTRY--CORPORATE NAME
Corporate name or jurisdiction name as entry element Catholic Church
Geographic subdivision Colombia
-- Gulf of Urabá Region
General subdivision History.
651 #0 - SUBJECT ADDED ENTRY--GEOGRAPHIC NAME
Geographic name Darien (Panama and Colombia)
General subdivision Church history.
651 #0 - SUBJECT ADDED ENTRY--GEOGRAPHIC NAME
Geographic name Darien (Panama and Colombia)
General subdivision Colonization.
610 20 - SUBJECT ADDED ENTRY--CORPORATE NAME
Corporate name or jurisdiction name as entry element Catholic Church
Geographic subdivision Darien (Panama and Colombia)
General subdivision History.
650 #0 - SUBJECT ADDED ENTRY--TOPICAL TERM
Topical term or geographic name entry element Indians of South America
General subdivision Missions
Geographic subdivision Darien (Panama and Colombia)
General subdivision History.
700 1# - ADDED ENTRY--PERSONAL NAME
Personal name Elejalde Arbeláez, Ramón,
Relator term editor.
791 2# -
-- Digitalia (Firm),
-- distributor.
793 0# -
-- Digitalia eBook Collection:
-- Ediciones UNAULA
776 08 - ADDITIONAL PHYSICAL FORM ENTRY
Relationship information Print version:
Main entry heading Severino de Santa Teresa, Father, 1885-
Title Iglesia y colonización en Urabá y el Darién, Tomo I.
Edition Primera edición.
Place, publisher, and date of publication Medellín : Fondo Editorial UNAULA, [2015]
International Standard Book Number 9789588869193
830 #0 - SERIES ADDED ENTRY--UNIFORM TITLE
Uniform title Bicentenario de Antioquia ;
Volume/sequential designation 200.
856 40 - ELECTRONIC LOCATION AND ACCESS
Materials specified Digitalia Hispánica
Uniform Resource Identifier <a href="https://www.digitaliapublishing.com/a/37121/">https://www.digitaliapublishing.com/a/37121/</a>
910 ## - USER-OPTION DATA (OCLC)
User-option data Premium collection: 2023
942 ## - ADDED ENTRY ELEMENTS (KOHA)
Koha item type Recurso Electrónico
Existencias
Withdrawn status Lost status Damaged status Not for loan Collection Home library Current library Date acquired Total checkouts Date last seen Price effective from Koha item type
        Digitalia Ebooks Hispanica Biblioteca Digital UIN Biblioteca Digital UIN 04/25/2025   04/25/2025 04/25/2025 Recurso Electrónico

CONTACTO


NOSOTROS


SITIOS DE INTERES

coordinacion.biblioteca.biblioteca@unienlinea.mx Misión, Visión y Objetivos Bases de datos
Directorio Bibliotecas Digitales y Repositorios
Normatividad Revistas y artículos
Convenios interbibliotecarios
Boletines



Hecho en México. Universidad Insurgentes (UIN). Todos los derechos reservados 2024. Esta página y sus contenidos pueden ser reproducidos con fines no lucrativos, siempre y cuando no se mutile, se cite la fuente completa y su dirección electrónicas. De otra forma requiere permiso previo por escrito de la institución




2024 Copyright Universidad Insurgentes | www.bibliouin.com.mx